00400pab a2200133 454500008004000000100001800040245008700058260000900145300001500154362000800169650002800177650001800205773004300223180718b2012 xxu||||| |||| 00| 0 eng d aSrikant, P.B. aSelf efficacy and career self management: Moderating role of proactive personality c2012 ap.274-289. aOct aPersonality development aSelf employed aIndian Journal of Industrial Relations